| 000 | 00371nam a22001577a 4500 | ||
|---|---|---|---|
| 003 | OSt | ||
| 008 | 230510b |||||||| |||| 00| 0 eng d | ||
| 020 | _a9789355282071 | ||
| 041 | _aeng | ||
| 082 |
_a631.58 _bDAV/IR |
||
| 100 |
_aDavis, Arthur powell _95461 |
||
| 245 | _aIrrigation engineering | ||
| 260 |
_aChennai _MMaxwell press _c2022 |
||
| 300 | _a640 | ||
| 942 | _cBK | ||
| 999 |
_c17694 _d17694 |
||